Les réalisateurs français aux Oscars - Statistiques

Statistiques générales
  • Ce quiz a été pris 62 fois
  • Le résultat moyen est 8 sur 28
Statistiques - réponses
Prix Année Statut Réalisateur Oeuvre % Correct
The Artist Michel Hazanavicius
86%
Meilleure réalisation 2012 Vainqueur The Artist
75%
Emilia Perez Jacques Audiard
59%
Meilleure réalisation 2024 Nommé Anatomie d'une chute
50%
Anatomie d'une chute Justine Triet
48%
La Nuit américaine François Truffaut
46%
Meilleure réalisation 2025 Nommé Emilia Perez
41%
Chinatown Roman Polanski
41%
Tess Roman Polanski
41%
Le Pianiste Roman Polanski
41%
Meilleure réalisation 2003 Vainqueur Le Pianiste
34%
La La Land Damien Chazelle
23%
Z Costa-Gavras
21%
L'homme du sud Jean Renoir
21%
Meilleure réalisation 2017 Vainqueur La La Land
21%
Meilleure réalisation 1970 Nommé Z
21%
Meilleure réalisation 2025 Nommé The Substance
20%
Un homme et une femme Claude Lelouch
18%
Meilleure réalisation 1975 Nommé La Nuit américaine
18%
Meilleure réalisation 1975 Nommé Chinatown
16%
The Substance Coralie Fargeat
14%
Meilleure réalisation 1967 Nommé Un homme et une femme
14%
Atlantic City Louis Malle
13%
Meilleure réalisation 1980 Nommé La Cage aux folles
5%
Meilleure réalisation 1981 Nommé Tess
5%
Meilleure réalisation 1982 Nommé Atlantic City
4%
La Cage aux folles Édouard Molinaro
4%
Meilleure réalisation 1946 Nommé L'homme du sud
2%
Aucun quiz correspondant
Distribution des résultats
% des personnes avec chaque résultat
Percentile par nombre de réponses
Votre historique - résultats
Vous n’avez pas pris ce quiz